| 000 | 00000nam 2200000za 4500 |
| 001 | 9.698978 |
| 003 | CaOODSP |
| 005 | 20210625000156 |
| 007 | cr ||||||||||| |
| 008 | 150407|2009||||xxc|||||o f|0| 0 eng d |
| 040 | |aCaOODSP|beng |
| 043 | |an-cn--- |
| 086 | 1 |aCH6-25/2009E-PDF |
| 110 | 1 |aCanada. |bCanadian Heritage. |
| 245 | 10|aInternal audit of the Aboriginal Peoples' Program |h[electronic resource] : |bAboriginal Living Cultures component / |cOffice of the Chief Audit and Evaluation Executive, Audit and Assurance Services Directorate. |
| 260 | |a[Ottawa] : |bCanadian Heritage |c2009. |
| 300 | |a28 p. : |btables |
| 590 | |a14-06-Supp|b2014-03-21 |
| 775 | 08|tVérification interne du Programme des Autochtones |w(CaOODSP)9.642973 |
| 856 | 40|ahttp://publications.gc.ca|qPDF|s478 KB|uhttps://publications.gc.ca/collections/collection_2014/pc-ch/CH6-25-2009-eng.pdf |